The British journal of psychiatry
| Previous Title: | Journal of mental science (Online) |
|---|---|
| Corporate Authors: | , |
| Format: | Electronic Journal |
| Language: | English |
| Published: |
London :
Royal Medico-psychological Association
London : Royal College Of Psychiatrists [Cambridge] : Cambridge University Press |
| Subjects: | |
| Online Access: | Full text available from Research Library: 01/01/1990 to 1 year ago |
MARC
| LEADER | 00000nas a2200000 a 4500 | ||
|---|---|---|---|
| 001 | ssj0003427 | ||
| 003 | WaSeSS | ||
| 005 | 20200512172242.0 | ||
| 006 | m d | ||
| 007 | cr n | ||
| 008 | 050614c19639999enkmr pss 0 a0eng c | ||
| 010 | |a 2007247591 | ||
| 015 | |a GBB7J0081 |2 bnb | ||
| 016 | 7 | |a 2021500-9 |2 DE-600 | |
| 016 | 7 | |a 011459364 |2 Uk | |
| 016 | 7 | |a 218103-4 |2 DE-600 | |
| 022 | |a 1472-1465 |l 0007-1250 |y 0007-1250 | ||
| 035 | |a (WaSeSS)ssj0003427 | ||
| 040 | |a OCLCS |b eng |e pn |c OCLCS |d SBH |d OCLCQ |d HEBIS |d OCLCQ |d OCLCO |d OCLCF |d OCLCO |d OCLCQ |d OCLCO |d OCLCQ |d TSC |d NLE |d BUF |d AU@ |d OCLCO |d WYU |d UKMGB |d AUD |d LEAUB |d OCLCO |d U3W |d NLM |d UBY |d SHS |d UBC |d LND |d FUG |d DLC |d WaSeSS | ||
| 042 | |a pcc | ||
| 050 | 0 | 0 | |a RC321 |
| 060 | 0 | 0 | |a W1 |b BR616 |
| 082 | 0 | 4 | |a 616.89 |
| 130 | 0 | |a British journal of psychiatry (Online) | |
| 210 | 1 | |a Br. j. psychiatry |b (Online) | |
| 222 | 0 | |a British journal of psychiatry |b (Online) | |
| 245 | 1 | 4 | |a The British journal of psychiatry |h [electronic resource]. |
| 260 | |a London : |b Royal Medico-psychological Association | ||
| 260 | 2 | |a London : |b Royal College Of Psychiatrists | |
| 260 | 3 | |3 2019- : |a [Cambridge] : |b Cambridge University Press | |
| 310 | |a Monthly | ||
| 362 | 1 | |a Print began with v. 109, no. 458 (Jan. 1963). | |
| 506 | |a License restrictions may limit access. | ||
| 515 | |a Issues identified by vol. and whole no. and date through v. 123, no. 577 (Dec. 1973); by v. and date, v. 124- (Jan. 1974)- | ||
| 525 | |a Supplements accompany some issues. | ||
| 538 | |a Mode of access: World Wide Web. | ||
| 550 | |a Vols. for 1963-June 1971 published by authority of the Royal Medico-psychological Association; July 1971- by the Royal College of Psychiatrists. | ||
| 580 | |a Original print version of this title was preceded by an earlier title called: Journal of mental science. | ||
| 588 | |a Description based on print version record. | ||
| 588 | |a Latest issue consulted: Vol. 216, no. 5 (May 2020) (Cambridge Journals online, viewed May 5, 2020). | ||
| 650 | 0 | |a Psychology, Pathological |v Periodicals. | |
| 650 | 0 | |a Psychiatry |v Periodicals. | |
| 650 | 0 | |a Psychology |v Periodicals. | |
| 650 | 7 | |a Psychiatry. |2 fast |0 (OCoLC)fst01081152 | |
| 650 | 7 | |a Psychology. |2 fast |0 (OCoLC)fst01081447 | |
| 650 | 7 | |a Psychology, Pathological. |2 fast |0 (OCoLC)fst01081609 | |
| 650 | 2 | |a Psychiatry |v Periodicals. | |
| 650 | 2 | |a Mental Disorders |v Periodicals. | |
| 655 | 0 | |a Electronic journals. | |
| 710 | 2 | |a Royal Medico-psychological Association. | |
| 710 | 2 | |a Royal College of Psychiatrists. | |
| 776 | 0 | 8 | |i Print version: |t British journal of psychiatry |x 0007-1250 |w (DLC) 89649366 |w (OCoLC)1537306 |
| 780 | 1 | 0 | |t Journal of mental science (Online) |x 2514-9946 |
| 850 | |a DLC | ||
| 856 | 4 | 0 | |z Full text available from Research Library: 01/01/1990 to 1 year ago |u https://search.proquest.com/publication/40635 |